[Event "Najdorf Mem Great Final"]
[Site "Buenos Aires ARG"]
[Date "2002.10.03"]
[Round "2.1"]
[White "Sorin,A"]
[Black "Valerga,D"]
[Result "1/2-1/2"]
[WhiteElo "2512"]
[BlackElo "2487"]

1.d4 Nf6 2.c4 e6 3.Nf3 d5 4.Nc3 c6 5.e3 Nbd7 6.Qc2 Bd6 7.Be2 O-O 8.O-O dxc4
9.Bxc4 Qe7 10.a3 e5 11.h3 Bb8 12.Re1 h6 13.Ba2 Re8 14.e4 exd4 15.Nxd4 Qe5
16.Nf3 Qh5 17.Be3 Ne5 18.Nh2 Ng6 19.Qd1 Qxd1 20.Raxd1 Be5 21.Bd4 Bxd4 22.Rxd4 Be6
23.Bxe6 fxe6 24.Red1 Kf7 25.Ng4 Nxg4 26.hxg4 e5 27.Rd6 Nf8 28.g3 Ke7 29.f4 Rad8
30.Rxd8 Rxd8 31.Rxd8 Kxd8 32.Kf2  1/2-1/2

[Event "Eu Blitz Ch"]
[Site "Panormo GRE"]
[Date "2002.10.03"]
[Round "12"]
[White "Milov,V"]
[Black "Smirnov,P"]
[Result "1-0"]
[WhiteElo "2620"]
[BlackElo "2562"]

1.c4 e6 2.Nc3 d5 3.d4 c6 4.e3 Nf6 5.Nf3 Nbd7 6.Bd3 dxc4 7.Bxc4 b5 8.Bd3 Bb7
9.e4 b4 10.Na4 c5 11.e5 Nd5 12.dxc5 Nxc5 13.Nxc5 Bxc5 14.O-O h6 15.Nd2 O-O
16.Ne4 Bd4 17.Nd6 Bc6 18.Bh7+ Kxh7 19.Qxd4 f6 20.Bd2 fxe5 21.Qxe5 Qf6 22.Qxf6 Rxf6
23.Rac1 Bd7 24.Rfe1 Raf8 25.f3 g5 26.Ne4 Rg6 27.Nc5 Bc8 28.Nd3 g4 29.f4 Ba6
30.Ne5 Rg7 31.Rc6 Bb7 32.Rc4 Ba6 33.Rd4 h5 34.g3 Rc8 35.f5 Re7 36.Ng6 Ree8
37.fxe6 Bb7 38.Nf4 Nxf4 39.gxf4 Kg6 40.Rxb4 Bd5 41.Rb5 Bxa2 42.f5+ Kg7 43.Bc3+ Kh6
44.Bd2+ Kg7 45.Rb7+ Kg8 46.Bc3 Rc5 47.Rg7+ Kf8 48.e7+  1-0

[Event "ch-ESP Gp B"]
[Site "Ayamonte ESP"]
[Date "2002.10.04"]
[Round "1"]
[White "Herraiz Hidalgo,H"]
[Black "Vallejo Pons,F"]
[Result "1/2-1/2"]
[WhiteElo "2458"]
[BlackElo "2635"]

1.d4 d5 2.c4 e6 3.Nf3 Nf6 4.Nc3 c6 5.e3 Nbd7 6.Qc2 Bd6 7.Bd3 dxc4 8.Bxc4 O-O
9.O-O a6 10.a4 c5 11.Rd1 Qc7 12.Ne4 Nxe4 13.Qxe4 Be7 14.Bd2 Nf6 15.Qd3 Bd7
16.dxc5 Qxc5 17.Qd4 Qh5 18.Qe5 Qg4  1/2-1/2

[Event "3rd Mitropa Cup Junior"]
[Site "Saint Vincent ITA"]
[Date "2002.10.05"]
[Round "10"]
[White "Flumbort,A"]
[Black "Ortega,Le"]
[Result "1/2-1/2"]
[WhiteElo "2437"]
[BlackElo "2467"]

1.d4 d5 2.c4 c6 3.e3 Nf6 4.Nc3 e6 5.Nf3 Nbd7 6.Bd3 Bd6 7.e4 dxe4 8.Nxe4 Nxe4
9.Bxe4 e5 10.O-O exd4 11.Qxd4 Qf6 12.Be3 Qxd4 13.Nxd4 Nf6 14.Bf5 Ng4 15.Bxg4 Bxg4
16.h3 Bd7 17.Rfd1  1/2-1/2

[Event "6th Final RUS Cup"]
[Site "Nefteyugansk RUS"]
[Date "2002.10.06"]
[Round "1"]
[White "Yevseev,D"]
[Black "Ovetchkin,R"]
[Result "1-0"]
[WhiteElo "2553"]
[BlackElo "2573"]

1.d4 d5 2.c4 c6 3.Nc3 Nf6 4.e3 e6 5.Nf3 Nbd7 6.Bd3 dxc4 7.Bxc4 b5 8.Bd3 b4
9.Ne4 Nxe4 10.Bxe4 Bb7 11.Qa4 Qc7 12.Bd2 c5 13.Bxb7 Qxb7 14.O-O cxd4 15.Nxd4 e5
16.Nb3 a6 17.Na5 Qb5 18.Qxb5 axb5 19.Nc6 b3 20.axb3 Rc8 21.Rfc1 Nc5 22.Nxe5 Rd8
23.Ba5 Rd5 24.Bb4  1-0

[Event "EuYCh B18"]
[Site "Peniscola ESP"]
[Date "2002.10.06"]
[Round "7"]
[White "D'Costa,L"]
[Black "Poulsen,Ma"]
[Result "1-0"]
[WhiteElo "2254"]
[BlackElo "2160"]

1.d4 d5 2.c4 c6 3.Nc3 Nf6 4.e3 e6 5.Nf3 Nbd7 6.Qc2 Be7 7.b3 O-O 8.Be2 b6
9.O-O Bb7 10.e4 dxe4 11.Nxe4 c5 12.Ng3 cxd4 13.Nxd4 Ne5 14.Bb2 Ng6 15.Rad1 Qc7
16.Rfe1 Bb4 17.Nb5 Qf4 18.Bc3 Ne4 19.Nxe4 Bxe4 20.Bd3 Bxg2 21.Kxg2 Qg4+ 22.Kf1 Nf4
23.Bxh7+ Kh8 24.Be4 f5 25.Re3 fxe4 26.Rg3 Qh5 27.Bxg7+ Kh7 28.Rd7 Rad8 29.Qxe4+ Rf5
30.Rxd8  1-0

[Event "1st Mitropa Cup Women"]
[Site "Saint Vincent ITA"]
[Date "2002.10.06"]
[Round "9"]
[White "Fittante,G"]
[Black "Pallova,M"]
[Result "0-1"]
[WhiteElo "2011"]
[BlackElo "2193"]

1.d4 d5 2.Nf3 c6 3.c4 e6 4.e3 Nf6 5.Nc3 Nbd7 6.Bd3 dxc4 7.Bxc4 b5 8.Bd3 a6
9.O-O Bb7 10.b3 c5 11.Bb2 Bd6 12.Rc1 O-O 13.Ng5 cxd4 14.Nce4 Nxe4 15.Bxe4 Bxe4
16.Nxe4 Bxh2+ 17.Kxh2 Qh4+ 18.Kg1 Qxe4 19.Rc7 Nf6 20.Qxd4 Qxd4 21.Bxd4 Nd5
22.Rc6 Rfc8 23.Rfc1 Rxc6 24.Rxc6 Nb4 25.Rc7 Nxa2 26.Kf1 h6 27.Ke2 f6 28.f4 Nb4
29.e4 Rd8 30.Ke3 Rd6 31.Rc8+ Kf7 32.Rc7+ Kg6 33.g4 Rc6 34.f5+ exf5 35.gxf5+ Kh7
36.Rd7 Nc2+ 37.Kd3 Nxd4 38.Kxd4 h5 39.e5 fxe5+ 40.Kxe5 h4 41.Rd3 Rh6 42.Rh3 Kg8
43.b4 Kf7 44.Kf4 Kf6 45.Kg4 Rh8 46.Ra3 h3 47.Rxa6+ Ke5 48.Ra1 h2 49.Rh1 Kf6
50.Kf4 Rh4+ 51.Kg3 Kg5 52.Kg2 Rxb4  0-1

[Event "ch-ESP Gp B Playoff Places"]
[Site "Ayamonte ESP"]
[Date "2002.10.08"]
[Round "1"]
[White "Herraiz Hidalgo,H"]
[Black "Vallejo Pons,F"]
[Result "0-1"]
[WhiteElo "2458"]
[BlackElo "2635"]

1.d4 d5 2.c4 e6 3.Nf3 Nf6 4.Nc3 c6 5.e3 Nbd7 6.Qc2 Bd6 7.Bd3 O-O 8.O-O dxc4
9.Bxc4 a6 10.b3 b5 11.Be2 Bb7 12.Ne4 Nxe4 13.Qxe4 Nf6 14.Qh4 c5 15.dxc5 Bxc5
16.Bb2 Ne4 17.Qg4 Nf6 18.Qg5 Rc8 19.Rfd1 h6 20.Rxd8 hxg5 21.Rxc8 Rxc8 22.Nxg5 Nd5
23.Bf3 Be7 24.Nh3 Rc2 25.Rb1 g5 26.Kf1 f5 27.Ng1 g4 28.Be2 Kf7 29.h3 g3 30.Nf3 gxf2
31.Kxf2 Bc5 32.Nd4 Nxe3 33.Nxc2 Nxc2+ 34.Kg3 Bd6+ 35.Kh4 Ne3 36.Bh5+ Ke7
37.Kg5 Nxg2 38.Bf6+ Kd7 39.Rd1 Ne3 40.Rd3 Nd5 41.Bb2 Be7+ 42.Kh6  0-1

[Event "EuYCh B18"]
[Site "Peniscola ESP"]
[Date "2002.10.08"]
[Round "9"]
[White "D'Costa,L"]
[Black "Zawadzki,S"]
[Result "1/2-1/2"]
[WhiteElo "2254"]
[BlackElo "2416"]

1.d4 d5 2.c4 c6 3.Nc3 Nf6 4.e3 e6 5.Nf3 Nbd7 6.Qc2 Bd6 7.b3 O-O 8.Be2 dxc4
9.Bxc4 e5 10.Bb2 Qe7 11.Be2 Re8 12.dxe5 Nxe5 13.h3 a5 14.Nd4 Ng6 15.Rd1 Nh4
16.Kf1 Be5 17.g3 Bxd4 18.Rxd4 Ng6 19.Kg2 b6 20.Rd2 Bb7 21.Re1 c5+ 22.Kh2 Qc7
23.Bd1 h5 24.e4 Bc6 25.Rde2 h4  1/2-1/2

[Event "6th Final RUS Cup"]
[Site "Nefteyugansk RUS"]
[Date "2002.10.09"]
[Round "4"]
[White "Skatchkov,P"]
[Black "Pridorozhni,A"]
[Result "1-0"]
[WhiteElo "2471"]
[BlackElo "2475"]

1.d4 d5 2.c4 c6 3.Nc3 Nf6 4.Nf3 e6 5.e3 Nbd7 6.Bd3 dxc4 7.Bxc4 b5 8.Bd3 Bb7
9.e4 b4 10.Na4 c5 11.e5 Nd5 12.O-O cxd4 13.Nxd4 g6 14.Qg4 Bg7 15.Bg5 Nxe5
16.Nxe6 fxe6 17.Qxe6+ Ne7 18.Bb5+ Bc6 19.Rad1 Qc7 20.Bxe7 Qxe7 21.Bxc6+ Kf8
22.Qxe7+ Kxe7 23.Bxa8 Rxa8 24.f4 Nc4 25.b3 Na3 26.Nc5 Bc3 27.Rd7+ Ke8 28.Rxh7 Rd8
29.Ne4 Bd4+ 30.Kh1 Nc2 31.Ng5 Bc3 32.Rh3 Rd5 33.Ne4 Bb2 34.g4 Rd4 35.Rh8+ Kf7
36.Ng5+ Kg7 37.Rc8 Rd2 38.Rc7+ Kg8 39.Nf3  1-0

[Event "FSFMB Oct"]
[Site "Budapest HUN"]
[Date "2002.10.10"]
[Round "6"]
[White "Fodor,I1"]
[Black "Koczo,K"]
[Result "0-1"]
[WhiteElo "2056"]
[BlackElo "2092"]

1.d4 d5 2.c4 c6 3.Nc3 Nf6 4.e3 e6 5.Nf3 Nbd7 6.Qc2 b6 7.Bd3 Bb7 8.O-O Be7
9.e4 dxe4 10.Nxe4 c5 11.dxc5 Nxc5 12.Nxc5 Bxc5 13.Bf4 O-O 14.Rad1 Qe7 15.Ng5 h6
16.Ne4 Nxe4 17.Bxe4 Bxe4 18.Qxe4 Rad8 19.Qe2 Rxd1 20.Rxd1 Rd8 21.Rxd8+ Qxd8
22.Qd2 Qxd2 23.Bxd2 a6 24.Kf1 Kf8 25.Ke2 Ke7 26.Bc3 f6 27.b4 Bd6 28.h3 b5
29.Kd3 g6 30.c5 Bc7 31.g4 e5 32.Bd2 h5 33.gxh5 gxh5 34.f4 Ke6 35.fxe5 Bxe5
36.Bc3 Bc7 37.Ke3 f5 38.Kd3 Kd5 39.Bg7 a5 40.a3 a4 41.Bh6 Be5 42.Bc1 f4 43.Bd2 f3
44.Ke3 Bf4+ 45.Kd3 f2 46.Ke2 Bxd2  0-1

[Event "TCh-SWE"]
[Site "Helsingborg SWE"]
[Date "2002.10.11"]
[Round "1"]
[White "Andersson,M"]
[Black "Hector,J"]
[Result "0-1"]
[WhiteElo "2328"]
[BlackElo "2590"]

1.d4 d5 2.c4 c6 3.Nc3 Nf6 4.e3 e6 5.Nf3 Nbd7 6.Qc2 b6 7.Be2 Bb7 8.O-O Be7
9.b3 Rc8 10.cxd5 exd5 11.Bb2 O-O 12.Rfd1 Bd6 13.g3 Re8 14.Rac1 Re7 15.Bf1 Qf8
16.Bg2 g6 17.Nd2 c5 18.Nf3 a6 19.dxc5 Rxc5 20.Qb1 Qh6 21.Na4 Ng4 22.Bd4 Be5
23.Nxc5 bxc5 24.Bxe5 Ndxe5 25.h4 Nxf2 26.Ng5 Nxd1 27.Rxd1 f6  0-1

[Event "TCh-SWE"]
[Site "Helsingborg SWE"]
[Date "2002.10.11"]
[Round "1"]
[White "Collett,P"]
[Black "Eriksson,Mat"]
[Result "0-1"]
[WhiteElo "2105"]
[BlackElo "2244"]

1.d4 d5 2.c4 c6 3.Nc3 e6 4.e3 Nf6 5.Nf3 Nbd7 6.Bd3 dxc4 7.Bxc4 b5 8.Bd3 Bb7
9.a3 a6 10.O-O c5 11.Qe2 Be7 12.Rd1 Qb6 13.Bc2 O-O 14.h3 Rac8 15.dxc5 Bxc5
16.Bd2 Rfd8 17.Rac1 Bxf3 18.gxf3 Ne5 19.Ne4 Be7 20.Bc3 Nc4 21.Rxd8+ Rxd8
22.Kh1 Nd5 23.Bd4 Qb8 24.Bb3 e5 25.Bc3 Nxc3 26.Rxc3 Nb6 27.Rd3 Qc8 28.Kg2 Kf8
29.Ng3 g6 30.Rxd8+ Qxd8 31.Qc2 Qc8 32.Qd2 Qd7 33.Qc3 f6 34.Ne4 Kg7 35.Bc2 Qe8
36.Qd2 f5 37.Ng3 Qc6 38.Bb3 h5 39.Qd3 Nc4 40.Bxc4 bxc4 41.Qc3 Bf6 42.Qc2 Qd5
43.Nf1 Qd3 44.Qc1 e4 45.fxe4 Qxe4+ 46.Kg1 Qd3 47.Nd2 c3 48.bxc3 Qxc3 49.Qxc3 Bxc3
50.Nb3 Kf6 51.Nc5 a5 52.Kf1 Ke5  0-1

[Event "TCh-AUT B"]
[Site "Mitte AUT"]
[Date "2002.10.11"]
[Round "7"]
[White "Knoll,H"]
[Black "Kormann,W"]
[Result "1-0"]
[WhiteElo "2365"]
[BlackElo "2101"]

1.d4 Nf6 2.Nf3 d5 3.c4 e6 4.Nc3 c6 5.e3 Nbd7 6.Qc2 Bd6 7.Be2 O-O 8.O-O e5
9.cxd5 cxd5 10.dxe5 Nxe5 11.Nxe5 Bxe5 12.f4 Bxc3 13.Qxc3 Bf5 14.Qb3 Qe7 15.Bd2 Rfe8
16.Bf3 Rad8 17.Rad1 b6 18.Rfe1 Ne4 19.Bb4 Qh4 20.Re2 d4 21.Be1 Qf6 22.exd4 Rxd4
23.Bc3 Rxd1+ 24.Qxd1 Qc6 25.g4 Qg6 26.Qd5 Bxg4 27.Bxe4 Bf5+ 28.Bg2  1-0

[Event "TCh-AUT B"]
[Site "Mitte AUT"]
[Date "2002.10.11"]
[Round "7"]
[White "Baumgartner,H"]
[Black "Petschar,K"]
[Result "0-1"]
[WhiteElo "2398"]
[BlackElo "2291"]

1.Nf3 d5 2.c4 c6 3.d4 Nf6 4.Nc3 e6 5.e3 Nbd7 6.Bd3 Bb4 7.O-O O-O 8.Qc2 Qe7
9.Ne5 dxc4 10.Bxc4 Bd6 11.f4 c5 12.Nf3 a6 13.a4 cxd4 14.exd4 Nb6 15.Bd3 h6
16.Qe2 Nbd5 17.Ne5 b6 18.Bd2 Nb4 19.Bb1 Bb7 20.Be1 Qd8 21.f5 exf5 22.Bxf5 Be7
23.Rd1 Nbd5 24.Bb1 Rc8 25.Ne4 Re8 26.Qd3 a5 27.Nxf6+ Nxf6 28.Rf4 Qd5 29.Nf3 Qc4
30.Ne5 Qxd3 31.Bxd3 Bd5 32.Bc3 Bb3 33.Rdf1 Nd5 34.R4f3 f6  0-1

[Event "TCh-SWE"]
[Site "Helsingborg SWE"]
[Date "2002.10.12"]
[Round "2"]
[White "Eklund,LG"]
[Black "Loven,A"]
[Result "1-0"]
[WhiteElo "2275"]
[BlackElo "2151"]

1.Nf3 d5 2.c4 c6 3.d4 Nf6 4.Nc3 e6 5.e3 Nbd7 6.Qc2 Bd6 7.g4 Bb4 8.Bd2 b6
9.cxd5 cxd5 10.Rg1 O-O 11.Bd3 Bb7 12.h4 Qe7 13.Ng5 g6 14.O-O-O e5 15.Kb1 e4
16.Be2 a6 17.Nh3 b5 18.g5 Ne8 19.Nf4 Nb6 20.Qb3 Bxc3 21.Bxc3 Nd6 22.Bb4 Rfd8
23.Ba5 Ndc4 24.Qb4 Qxb4 25.Bxb4 a5 26.Bc5 Na4 27.Bxc4 bxc4 28.Be7 Rd7 29.Bf6 Bc6
30.Ka1 Rb7 31.Rb1 Ra6 32.b3 Nc3 33.Rbc1 a4 34.bxc4 Nxa2 35.Kxa2 a3 36.Rb1 dxc4
37.Rxb7 Bxb7 38.Rb1 Bc8 39.Nd5 Kf8 40.Be7+ Kg7 41.Rb8 Rc6 42.Bf6+ Kf8 43.Ne7 Rc7
44.Nxc8  1-0

[Event "Essent Open"]
[Site "Hoogeveen NED"]
[Date "2002.10.12"]
[Round "2"]
[White "Riazantsev,A"]
[Black "Prasad,D"]
[Result "1-0"]
[WhiteElo "2543"]
[BlackElo "2421"]

1.d4 d5 2.c4 c6 3.e3 Nf6 4.Nc3 e6 5.Nf3 Nbd7 6.Qc2 Bd6 7.b3 O-O 8.Be2 Qe7
9.O-O dxc4 10.bxc4 e5 11.Rd1 Re8 12.Rb1 e4 13.Nd2 Nf8 14.c5 Bc7 15.Nc4 Ng4
16.h3 Nxf2 17.Kxf2 Qh4+ 18.Kg1 Bxh3 19.gxh3 Qg3+ 20.Kf1 Re6 21.Nxe4 Qxh3+
22.Ke1 Qh4+ 23.Kd2 Rxe4 24.Rxb7 Bg3 25.Kc3 Ne6 26.Bf3 Nxc5 27.Rh1 Be1+ 28.Kb2 Qf2
29.Qxf2 Bxf2 30.Bxe4 Nxb7 31.Bxh7+ Kf8 32.Be4  1-0

[Event "1st It"]
[Site "Klaksvik FAI"]
[Date "2002.10.12"]
[Round "1"]
[White "Jakobsen,O"]
[Black "Simonsen,H"]
[Result "1-0"]
[WhiteElo "2381"]
[BlackElo "2231"]

1.d4 d5 2.Nf3 Nf6 3.c4 c6 4.e3 e6 5.Nc3 Nbd7 6.Bd3 Bd6 7.e4 dxe4 8.Nxe4 Nxe4
9.Bxe4 e5 10.O-O exd4 11.Qxd4 Qf6 12.Rd1 Qxd4 13.Nxd4 Be5 14.Nxc6 Bf6 15.Nb4 Nb6
16.c5 a5 17.Nd3 Na4 18.Be3 O-O 19.Rd2 Re8 20.Bf3 Rd8 21.Rad1 Ra6 22.Nf4 Rxd2
23.Rxd2 Kf8 24.Nd5 Be5 25.b3 Nb2 26.Nb6 Be6 27.Bxb7 Ra7 28.c6 a4 29.Nd7+ Bxd7
30.cxd7  1-0

[Event "FSFMA Oct"]
[Site "Budapest HUN"]
[Date "2002.10.13"]
[Round "9"]
[White "Zilahi,G"]
[Black "Harmatosi,J"]
[Result "0-1"]
[WhiteElo "2081"]
[BlackElo "2255"]

1.d4 d5 2.Nf3 c6 3.c4 Nf6 4.Nc3 e6 5.e3 dxc4 6.Bxc4 b5 7.Be2 Bb7 8.O-O a6
9.Bd2 c5 10.dxc5 Bxc5 11.Rc1 Nbd7 12.Qc2 Rc8 13.Qb1 O-O 14.b4 Bd6 15.Rfd1 Qe7
16.a3 Nb6 17.e4 Ng4 18.Ng5 Bxh2+ 19.Kh1 Be5 20.Bxg4 Bxc3 21.Rxc3 Rxc3 22.Bxc3 Qxg5
23.Bf3 Rd8 24.Qa1 Rxd1+ 25.Qxd1 h6 26.Qd4 Nc4 27.a4 e5 28.Qd3 f5 29.g3 fxe4
30.Bxe4 Qc1+ 31.Kh2 Bxe4 32.Qxe4 Qxc3 33.Qa8+ Kf7 34.Qb7+ Ke6 35.Qc6+ Kf5
36.f3 Qc2+ 37.Kh3 Ne3 38.Qd7+ Kg6  0-1

[Event "TCh-AUT B"]
[Site "Mitte AUT"]
[Date "2002.10.13"]
[Round "3"]
[White "Riedner,M"]
[Black "Waldmann,G"]
[Result "1/2-1/2"]
[WhiteElo "2206"]
[BlackElo "2160"]

1.d4 Nf6 2.Nf3 d5 3.c4 c6 4.Nc3 e6 5.e3 Nbd7 6.Qc2 Bd6 7.b3 O-O 8.Be2 Qe7
9.O-O e5 10.cxd5 Nxd5 11.Nxd5 cxd5 12.dxe5 Nxe5 13.Bb2 Bg4 14.Nxe5 Bxe2 15.Qxe2 Bxe5
16.Rfd1 Rfd8 17.Qd2 Rd7 18.Bd4 Rad8 19.Rac1 a6 20.Bxe5 Qxe5 21.Qc3 Qxc3 22.Rxc3 Kf8
23.Rd4 Ke7 24.Kf1 f5 25.h4 g6  1/2-1/2

[Event "6th Final RUS Cup"]
[Site "Nefteyugansk RUS"]
[Date "2002.10.13"]
[Round "10"]
[White "Yevseev,D"]
[Black "Smirnov,P"]
[Result "0-1"]
[WhiteElo "2553"]
[BlackElo "2562"]

1.d4 d5 2.c4 c6 3.Nc3 Nf6 4.e3 e6 5.Nf3 Nbd7 6.Bd3 dxc4 7.Bxc4 b5 8.Bd3 Bb7
9.e4 b4 10.Na4 c5 11.e5 Nd5 12.Ng5 cxd4 13.Nxe6 fxe6 14.Qh5+ Ke7 15.O-O Qe8
16.Bg5+ N7f6 17.Qf3 Bc6 18.Nc5 Kf7 19.Ne4 Be7 20.Rfe1 h6 21.exf6 gxf6 22.Bd2 f5
23.Rac1 Rc8 24.Ng3 Nf6 25.Qe2 Qd7 26.Rxc6 Rxc6 27.Bb5 Rhc8 28.Bxh6 Qd5 29.Bd3 Bd6
30.Bg5 Rh8 31.b3 Bxg3 32.fxg3 Ng4 33.Bc4 Qc5 34.Qd3 Kg6 35.h3 Ne5 36.Qd2 Nxc4
37.bxc4 d3+ 38.Kh2 Qxc4 39.Be7 Qc3 40.Qg5+ Kf7 41.Rc1 Qxc1 42.Qf6+ Ke8 43.Bxb4 Rxh3+  0-1

[Event "FIDE World Cup Gp C"]
[Site "Hyderabad IND"]
[Date "2002.10.14"]
[Round "5"]
[White "Xu Jun"]
[Black "Sasikiran,K"]
[Result "1-0"]
[WhiteElo "2643"]
[BlackElo "2670"]

1.d4 d5 2.Nf3 Nf6 3.c4 c6 4.Nc3 e6 5.e3 Nbd7 6.Qc2 b6 7.cxd5 exd5 8.Bd3 Bb7
9.O-O Be7 10.e4 dxe4 11.Nxe4 O-O 12.Ne5 c5 13.Nxd7 Nxd7 14.dxc5 bxc5 15.Bf4 Qb6
16.Rad1 g6 17.Bc4 Rad8 18.Bh6 Rfe8 19.Qc3 Bf6 20.Bxf7+ Kxf7 21.Ng5+ Bxg5
22.Qg7+ Ke6 23.Bxg5 Rg8 24.Qe7+ Kf5 25.f3 Nf6 26.Bxf6 c4+ 27.Kh1 Qb5 28.Bc3  1-0

[Event "19th Muensterland Open"]
[Site "Senden GER"]
[Date "2002.10.15"]
[Round "6"]
[White "Seifert,V"]
[Black "Kouznetsova,E"]
[Result "1-0"]
[WhiteElo "2311"]
[BlackElo "2157"]

1.d4 d5 2.c4 e6 3.Nc3 c6 4.e3 Nf6 5.Nf3 Nbd7 6.Bd3 dxc4 7.Bxc4 b5 8.Bd3 Bb7
9.e4 b4 10.Na4 c5 11.e5 Nd5 12.O-O Be7 13.dxc5 Nxc5 14.Nxc5 Bxc5 15.Ng5 Qc7
16.Re1 Rd8 17.Qh5 g6 18.Qh3 Qb6 19.Ne4 Be7 20.Bh6 Rg8 21.Bd2 Rh8 22.Rac1 Rc8
23.Bc4 Rc7 24.Qg3 Kd7 25.Bg5 Rhc8 26.b3 Rf8 27.Bxd5 Bxd5 28.Bxe7 Kxe7 29.Qh4+ Kd7
30.Nf6+ Kc8 31.Qh6 Rd8 32.Rxc7+ Kxc7 33.Qxh7 Qc6 34.Qxf7+ Kb8 35.Qe7 Rc8
36.Qxb4+ Ka8 37.f3 Rb8 38.Qd4 Rd8 39.Rd1  1-0

[Event "19th Muensterland Open"]
[Site "Senden GER"]
[Date "2002.10.16"]
[Round "7"]
[White "Mueller,Mart"]
[Black "Postler,R"]
[Result "0-1"]
[WhiteElo "2073"]
[BlackElo "2283"]

1.d4 Nf6 2.Nf3 d5 3.c4 c6 4.Nc3 e6 5.e3 Nbd7 6.Bd3 dxc4 7.Bxc4 b5 8.Bd3 Bb7
9.O-O a6 10.e4 c5 11.Re1 cxd4 12.Nxd4 Ne5 13.Bc2 Bc5 14.Be3 Rc8 15.Nf3 Bxe3
16.Nxe5 Bd4 17.Nf3 Bxc3 18.Qxd8+ Kxd8 19.bxc3 Rxc3 20.Rad1+ Ke7 21.Rd2 Rhc8
22.e5 Rxc2 23.exf6+ gxf6  0-1

[Event "19th Muensterland Open"]
[Site "Senden GER"]
[Date "2002.10.17"]
[Round "8"]
[White "Lingnau,C"]
[Black "Molinaroli,M"]
[Result "1-0"]
[WhiteElo "2429"]
[BlackElo "2219"]

1.Nf3 Nf6 2.c4 e6 3.Nc3 d5 4.d4 c6 5.e3 Nbd7 6.Qc2 Be7 7.Bd3 O-O 8.O-O b6
9.b3 Bb7 10.Bb2 Rc8 11.Rad1 Qc7 12.e4 dxe4 13.Nxe4 Rfd8 14.c5 Nxe4 15.Bxe4 Nf6
16.Bd3 bxc5 17.dxc5 Qa5 18.b4 Qxb4 19.Bxf6  1-0

[Event "Bundesliga 2002-3"]
[Site "Baden-Baden GER"]
[Date "2002.10.19"]
[Round "1"]
[White "Huebner,R"]
[Black "Sadler,M"]
[Result "1/2-1/2"]
[WhiteElo "2640"]
[BlackElo "2624"]

1.c4 Nf6 2.d4 d5 3.Nc3 e6 4.Nf3 c6 5.e3 Nbd7 6.Bd3 dxc4 7.Bxc4 b5 8.Bd3 b4
9.Ne4 Be7 10.O-O O-O 11.Nxf6+ Nxf6 12.a3 bxa3 13.b3 c5 14.Bxa3 cxd4 15.Nxd4 Bxa3
16.Rxa3 Bb7 17.Ba6 Bd5 18.Qe2 Qb6  1/2-1/2

[Event "Bundesliga 2002-3"]
[Site "Baden-Baden GER"]
[Date "2002.10.19"]
[Round "1"]
[White "Krasenkow,M"]
[Black "Piket,Je"]
[Result "1/2-1/2"]
[WhiteElo "2651"]
[BlackElo "2646"]

1.d4 d5 2.c4 c6 3.Nc3 Nf6 4.e3 e6 5.Nf3 Nbd7 6.Qc2 Bd6 7.g4 Nxg4 8.Rg1 Qf6
9.Rxg4 Qxf3 10.Rxg7 Nf8 11.Rg1 Ng6 12.Be2 Qf6 13.Bd2 Bd7 14.O-O-O Bxh2 15.Rh1 Bc7
16.e4 O-O-O 17.e5 Qe7 18.f4 f6 19.cxd5 fxe5 20.d6 Qxd6 21.dxe5 Qc5 22.Ne4 Qxc2+
23.Kxc2 Ne7 24.Ng5 Rde8 25.Bg4 h6 26.Nxe6 Reg8 27.Bh3 Rg3 28.Ng5 Nf5 29.e6 Nd4+
30.Kb1 hxg5 31.exd7+ Kd8 32.Bc3 Bb6 33.fxg5 Rhxh3 34.Bxd4 Bxd4 35.Rxh3 Rxh3
36.Rxd4 Rg3 37.Ra4 a6 38.Ra5 Kxd7 39.Rf5 Ke6  1/2-1/2

[Event "TCh-FIN 2002-3"]
[Site "Finland FIN"]
[Date "2002.10.19"]
[Round "2"]
[White "Solozhenkin,E"]
[Black "Rytshagov,M"]
[Result "1/2-1/2"]
[WhiteElo "2506"]
[BlackElo "2503"]

1.d4 d5 2.c4 e6 3.Nf3 Nf6 4.Nc3 c6 5.e3 Nbd7 6.Qc2 Bd6 7.Bd3 O-O 8.O-O e5
9.cxd5 cxd5 10.e4 dxe4 11.Nxe4 Nxe4 12.Bxe4 h6 13.Be3 exd4 14.Bh7+ Kh8 15.Bxd4 Nf6
16.Bf5 Qa5 17.Bxc8 Rfxc8 18.Qb3 Qd5 19.Rfd1 Qxb3 20.axb3 Rd8 21.g3 a6 22.Nh4 Bb4
23.Nf5 Kh7 24.Bxf6 gxf6 25.Ne3 Bc5 26.Nd5 Kg7 27.Rd3 Rd6 28.Rad1 Rad8 29.Kg2 a5
30.Kf3 f5 31.Kf4 Bxf2 32.Kxf5 b6 33.Nf4 Rxd3 34.Rxd3 Rxd3 35.Nxd3 Bg1 36.h3 Bd4
37.Ke4 Bf6 38.Ne5 b5 39.Kf5 a4  1/2-1/2

[Event "TCh-FIN 2002-3"]
[Site "Finland FIN"]
[Date "2002.10.19"]
[Round "2"]
[White "Johansson,Ju"]
[Black "Kokkila,T"]
[Result "1/2-1/2"]
[WhiteElo "2127"]
[BlackElo "2307"]

1.d4 Nf6 2.c4 c6 3.Nf3 d5 4.Nc3 e6 5.e3 Nbd7 6.Qc2 Bd6 7.b3 O-O 8.Bb2 a6
9.Bd3 b5 10.c5 Bc7 11.Ne2 h6 12.h3 Qe7 13.O-O e5 14.dxe5 Nxe5 15.Nxe5 Bxe5
16.Bxe5 Qxe5 17.Nd4 Bd7 18.a4 Ne4 19.f4 Qe7 20.Bxe4 Qxe4 21.Qxe4 dxe4 22.Rfd1 b4
23.a5 Rfd8 24.Ra4 Rab8 25.Rc1 Rb7 26.Rc4 Rdb8 27.Nc2 Be6 28.Rcxb4 Rb5 29.Rxb5 Rxb5
30.Nd4 Rxc5 31.Nxe6 fxe6 32.Rxe4 Kf7 33.b4 Rc1+ 34.Kf2 c5 35.bxc5 Rxc5 36.Ra4 h5
37.g3 Kf6 38.Kf3 Rb5 39.Ke4 Rd5 40.g4 hxg4 41.hxg4 g5 42.Ra1 Rb5 43.Ra2 Rb4+
44.Kf3 Rb5 45.Ra4 Rc5 46.Ke2 Rd5 47.Ra3 Rb5 48.Kd3 gxf4 49.exf4 e5 50.fxe5+ Rxe5
51.Kd4 Rb5 52.Rf3+ Kg6 53.Rf5 Rxf5 54.gxf5+ Kxf5  1/2-1/2

[Event "Bundesliga 2002-3"]
[Site "Forchheim GER"]
[Date "2002.10.19"]
[Round "7"]
[White "Ribli,Z"]
[Black "Jirovsky,M"]
[Result "1-0"]
[WhiteElo "2574"]
[BlackElo "2457"]

1.Nf3 d5 2.d4 Nf6 3.c4 e6 4.Nc3 c6 5.e3 Nbd7 6.Bd3 dxc4 7.Bxc4 b5 8.Bd3 Bb7
9.O-O a6 10.e4 c5 11.d5 c4 12.Bc2 e5 13.Ne2 Bc5 14.Ng3 Qb6 15.Nf5 g6 16.Nh6 Ng8
17.b3 c3 18.Ng4 f6 19.Be3 b4 20.a3 a5 21.axb4 axb4 22.Rxa8+ Bxa8 23.Bxc5 Nxc5
24.Ne3 Nh6 25.Nc4 Qa6 26.Ne1 O-O 27.Nd3 Qb5 28.Qe2 Nxe4 29.Qxe4 Bxd5 30.Nd6 Qc6
31.Qxb4 Rd8 32.Nc4 Bxg2 33.Rc1 Bh3 34.Ne1 Rd4 35.f3 Nf7 36.Ra1 Be6 37.Be4 Rxe4
38.fxe4 Qxe4 39.Qxc3 Ng5 40.Ne3 Nh3+ 41.Kf1 Qh1+ 42.Ke2 Qxh2+ 43.Kd1 Nf4
44.Qd2 Bxb3+ 45.Kc1 Qh1 46.Ra7 Qc6+ 47.N1c2 Bf7 48.Qd8+ Kg7 49.Qe7 Qe6 50.Qxe6 Nxe6
51.Nc4 Ng5 52.Nd6 f5 53.Ne3 Kf6 54.Kc2 h5 55.Nxf7 Nxf7 56.Nd5+ Ke6 57.Nc7+ Kf6
58.Kd3 Nd6 59.Ra6 Ke7 60.Nd5+ Ke6 61.Ne3 Ke7 62.Nc4 e4+ 63.Kd4 Nxc4 64.Kxc4 Kf7
65.Kd4 Kg7 66.Ke3 g5 67.Kd4 h4 68.Ke5 h3 69.Kxf5 h2 70.Ra1  1-0

[Event "Bundesliga 2002-3"]
[Site "Baden-Baden GER"]
[Date "2002.10.20"]
[Round "2"]
[White "Dautov,R"]
[Black "Johannessen,LE"]
[Result "1-0"]
[WhiteElo "2617"]
[BlackElo "2534"]

1.d4 d5 2.c4 e6 3.Nc3 c6 4.e3 Nf6 5.Nf3 Nbd7 6.Qc2 Bd6 7.b3 O-O 8.Bb2 b6
9.Bd3 Bb7 10.O-O Qe7 11.Rfe1 Rac8 12.e4 dxc4 13.Bxc4 e5 14.Ne2 b5 15.Bd3 c5
16.dxe5 Nxe5 17.Nxe5 Bxe5 18.Bxe5 Qxe5 19.Bxb5 Bxe4 20.Qc3 Qb8 21.Bc4 Rfd8
22.Ng3 Bg6 23.Rad1 Rxd1 24.Rxd1 Rd8 25.Rxd8+ Qxd8 26.Qe5 Qd1+ 27.Nf1 Nd7
28.Qc7 h5 29.Qxa7 Kh7 30.Qc7 Qd4 31.Qd8 h4 32.h3 Ne5 33.Qxd4 cxd4 34.Nd2 Nxc4
35.Nxc4 Bb1 36.a4 Bc2 37.Nd2 Kg6 38.a5  1-0

[Event "Bundesliga 2002-3"]
[Site "Bremen GER"]
[Date "2002.10.20"]
[Round "2"]
[White "Gurevich,M"]
[Black "Pelletier,Y"]
[Result "1-0"]
[WhiteElo "2634"]
[BlackElo "2587"]

1.d4 d5 2.c4 c6 3.Nc3 Nf6 4.e3 e6 5.Nf3 Nbd7 6.Bd3 dxc4 7.Bxc4 b5 8.Bd3 b4
9.Ne4 Nxe4 10.Bxe4 Bb7 11.Qa4 Qb6 12.Nd2 Rc8 13.O-O Be7 14.a3 bxa3 15.b3 Qa6
16.Bxa3 Qxa4 17.bxa4 Ba6 18.Rfc1 c5 19.Nb3 cxd4 20.Rxc8+ Bxc8 21.Nxd4 Nb8
22.Nb5 Bxa3 23.Nxa7 Bc5 24.Rc1 Nd7 25.Nxc8 Kd8 26.Bc6 Kxc8 27.Bxd7+ Kxd7
28.Rxc5 Rb8 29.g3 Rb4 30.Ra5 Ke7 31.h3 h5 32.h4 Kf6 33.Kg2 e5 34.Ra6+ Kf5
35.Ra7 Ke6 36.Kf3 g6 37.a5 Ra4 38.a6 Kf6 39.e4 Ra3+ 40.Ke2 Ra2+ 41.Kd3 Ra3+
42.Kd2 Ra2+ 43.Kc3 Rxf2 44.Rc7 Ra2 45.a7 g5 46.Kb4 gxh4 47.gxh4 Ke6 48.Kb5 Rb2+
49.Kc6 Ra2 50.Kb7 Rb2+ 51.Kc8 Ra2 52.Rc6+  1-0

[Event "Gp B"]
[Site "Cap d'Agde FRA"]
[Date "2002.10.25"]
[Round "3"]
[White "Gelfand,B"]
[Black "Fressinet,L"]
[Result "1/2-1/2"]
[WhiteElo "2704"]
[BlackElo "2619"]

1.d4 d5 2.c4 c6 3.Nc3 Nf6 4.Nf3 e6 5.e3 Nbd7 6.Qc2 Bd6 7.g4 Bb4 8.Bd2 Qe7
9.Bd3 dxc4 10.Bxc4 b5 11.Be2 Bb7 12.g5 Bxc3 13.bxc3 Nd5 14.a4 bxa4 15.c4 Nb4
16.Qxa4 c5 17.Bxb4 cxb4 18.c5 Bd5 19.Qxb4 O-O 20.Rg1 e5 21.Qc3 Rab8 22.Kf1 Rb3
23.Qc2 Rfb8 24.c6 Rc8 25.Qf5 Rxc6 26.Nxe5 Nxe5 27.Qxe5 Qxe5 28.dxe5 g6 29.Rg4 Rb2
30.Rf4 Re6 31.e4 Ba2 32.Rc1 Rxe5 33.Bc4 Bxc4+ 34.Rxc4 Rb7 35.h4 Kg7  1/2-1/2

[Event "10th Chigorin Mem B"]
[Site "St Petersburg RUS"]
[Date "2002.10.25"]
[Round "1"]
[White "Bets,A"]
[Black "Achang,A"]
[Result "0-1"]
[WhiteElo "2332"]
[BlackElo "2179"]

1.d4 d5 2.c4 c6 3.Nf3 Nf6 4.e3 e6 5.Nc3 Nbd7 6.Qc2 Bd6 7.Bd3 dxc4 8.Bxc4 b5
9.Be2 Bb7 10.O-O b4 11.Ne4 Nxe4 12.Qxe4 O-O 13.Rd1 Qe7 14.Qc2 c5 15.Bd2 Rfd8
16.dxc5 Bxc5 17.Bd3 Bxf3 18.gxf3 Qg5+ 19.Kh1 Qh5 20.Bf1 Rac8 21.Qa4 Ne5 22.Bg2 Nxf3
23.Bxf3 Qxf3+ 24.Kg1 Rd5 25.Be1 Rg5+ 26.Kf1 Rg2 27.Qd7 Rxh2 28.Qxc8+ Bf8
29.Qxf8+ Kxf8 30.Bxb4+ Ke8 31.Rd8+ Kxd8 32.Ba5+ Ke8  0-1